LEADER 01025nam0-2200301 --450 001 9910598990003321 005 20221102120336.0 010 $a978-88-6102-590-5 100 $a20221102d2019----km y0itay50 ba 101 1 $aita$ceng 102 $aIT 105 $aa 001yy 200 1 $a<>guerra segreta di Stalin$eil controspionaggio sovietico contro i nazisti 1941-1945$fRobert W. Stephan$gtraduzione di Marco Veruggio 210 $aGorizia$cLEG$d2019 215 $a411 p.$cill.$d21 cm 225 1 $aˆLe ‰guerre$v118 454 0$12001$aStalin's secret war$92957945 610 0 $aGuerra mondiale 1939-1945$aRuolo [del] Controspionaggio [da parte dell'] Unione Sovietica$a1941-1945 676 $a940.548647$v23$zita 700 1$aStephan,$bRobert W.$01263064 702 1$aVeruggio,$bMarco 801 0$aIT$bUNINA$gREICAT$2UNIMARC 901 $aBK 912 $a9910598990003321 952 $aCOLLEZ. 2110 (118)$b1646/2022$fFSPBC 959 $aFSPBC 996 $aStalin's secret war$92957945 997 $aUNINA